[Event "Ontario-ch Seniors"]
[Site "Toronto CAN"]
[Date "2023.10.09"]
[Round "6.4"]
[White "Fradkin, Benjamin"]
[Black "Bluvshtein, Ilia"]
[Result "0-1"]
[WhiteElo "1916"]
[BlackElo "2136"]
[PlyCount "86"]
[EventDate "2023.10.06"]
[EventType "swiss"]
[EventRounds "6"]
[EventCountry "CAN"]

1. d4 Nf6 2. Nf3 g6 3. c4 Bg7 4. Nc3 d5 5. Bf4 O-O 6. e3 c5 7. Be2 cxd4 8. exd4
Nc6 9. c5 Bf5 10. O-O Ne4 11. Rc1 g5 12. Bg3 Nxg3 13. hxg3 e6 14. Nb5 Be4 15.
Nd6 Bxf3 16. gxf3 Qe7 17. b4 Nxd4 18. Kg2 a5 19. bxa5 Rxa5 20. Bd3 f5 21. g4 b6
22. Qe1 fxg4 23. Rh1 gxf3+ 24. Kf1 h6 25. cxb6 Rxa2 26. Nc4 dxc4 27. Bxc4 Rb2
28. Qe4 Rxb6 29. Bd3 Nf5 30. Rh3 Qb7 31. Qc4 Qd5 32. Qxd5 exd5 33. Rxf3 Nd4 34.
Rxf8+ Bxf8 35. Rc7 Bd6 36. Rd7 Nf3 37. Bf5 Ne5 38. Be6+ Kf8 39. Rh7 Bc5 40.
Bxd5 Rf6 41. Rc7 Rxf2+ 42. Ke1 Nd3+ 43. Kd1 Be3 0-1

[Event "Ontario-ch Seniors"]
[Site "Toronto CAN"]
[Date "2023.10.09"]
[Round "7.1"]
[White "Campbell, Brett"]
[Black "Barron, Michael"]
[Result "0-1"]
[WhiteElo "2074"]
[BlackElo "2288"]
[PlyCount "68"]
[EventDate "2023.10.06"]
[EventType "swiss"]
[EventRounds "6"]
[EventCountry "CAN"]

1. c4 f5 2. d4 Nf6 3. Nc3 d6 4. Nf3 g6 5. g3 Bg7 6. Bg2 O-O 7. O-O c6 8. Qd3
Na6 9. a3 Qe8 10. d5 Nc5 11. Qc2 e5 12. dxe6 Bxe6 13. Nd2 Qf7 14. b3 d5 15. b4
Nce4 16. Ndxe4 Nxe4 17. Bxe4 fxe4 18. Bf4 Bh3 19. Bd6 Rfd8 20. c5 Bxf1 21. Rxf1
Qf6 22. Rc1 a5 23. Na4 axb4 24. axb4 Ra6 25. Bc7 Rda8 26. Ba5 Rf8 27. e3 Raa8
28. Nb6 Rad8 29. Na4 Rd7 30. Nc3 Rdf7 31. Nd1 Qf3 32. Qd2 Be5 33. b5 Rf5 34.
Nc3 Qxf2+ 0-1

[Event "Ontario-ch Seniors"]
[Site "Toronto CAN"]
[Date "2023.10.09"]
[Round "7.2"]
[White "Bluvshtein, Ilia"]
[Black "Findlay, Ian"]
[Result "0-1"]
[WhiteElo "2136"]
[BlackElo "2266"]
[PlyCount "50"]
[EventDate "2023.10.06"]
[EventType "swiss"]
[EventRounds "6"]
[EventCountry "CAN"]

1. e4 c5 2. Nf3 d6 3. d4 cxd4 4. Nxd4 Nf6 5. Nc3 g6 6. Be3 Bg7 7. Bc4 O-O 8. f3
Nc6 9. Qd2 Bd7 10. h4 h5 11. O-O-O Ne5 12. Bb3 Rc8 13. g4 hxg4 14. h5 Nxh5 15.
Bh6 e6 16. Bxg7 Kxg7 17. Rdg1 Rh8 18. f4 Nc4 19. Bxc4 Rxc4 20. Rxg4 Rxd4 21.
Qxd4+ e5 22. Qd1 Bxg4 23. Qxg4 Nxf4 24. Rd1 a6 25. a3 Qc7 0-1

[Event "Ontario-ch Seniors"]
[Site "Toronto CAN"]
[Date "2023.09.09"]
[Round "7.4"]
[White "Chernik, Dmitry"]
[Black "Verde, Pino"]
[Result "1-0"]
[WhiteElo "1990"]
[BlackElo "1535"]
[PlyCount "37"]
[EventDate "2023.10.06"]
[EventType "swiss"]
[EventRounds "6"]
[EventCountry "CAN"]

1. e4 g6 2. d4 d6 3. Nf3 Bg7 4. Nc3 Nd7 5. Be3 e5 6. dxe5 dxe5 7. Bc4 h6 8. O-O
c6 9. a4 a5 10. Qd2 Ngf6 11. Rad1 Ng4 12. Bc5 b6 13. Bd6 Nf8 14. h3 h5 15. hxg4
hxg4 16. Bxf8 Qxd2 17. Rxd2 Bxf8 18. Nxe5 Bc5 19. Bxf7+ 1-0

[Event "Ontario-ch U20"]
[Site "Toronto CAN"]
[Date "2023.10.13"]
[Round "1.1"]
[White "Angel, Borys"]
[Black "Senthikumar, Sarveshwar"]
[Result "1-0"]
[WhiteElo "1838"]
[BlackElo "1040"]
[PlyCount "123"]
[EventDate "2023.10.13"]
[EventType "swiss"]
[EventRounds "5"]
[EventCountry "CAN"]

1. e4 c6 2. d4 d5 3. e5 Bf5 4. g4 Bg6 5. h4 h5 6. g5 e6 7. Nh3 Bf5 8. Bd3 Bxd3
9. Qxd3 g6 10. Nf4 Ne7 11. Nd2 Nf5 12. Nf1 Bg7 13. Ne3 Ne7 14. Bd2 a5 15. a4
Qc7 16. c4 O-O 17. cxd5 cxd5 18. b4 b6 19. O-O Nbc6 20. Rfc1 Qd7 21. b5 Nxe5
22. dxe5 Bxe5 23. Nc4 Bxa1 24. Nxb6 Qb7 25. Nxa8 Bg7 26. Rc7 Qxa8 27. Rxe7 e5
28. Ne2 Qc8 29. Nc3 d4 30. Ne4 Qg4+ 31. Kf1 Qxh4 32. Bxa5 Ra8 33. Qf3 Qf4 34.
Qxf4 exf4 35. Bd2 d3 36. Bxf4 Rxa4 37. Re8+ Kh7 38. b6 Rb4 39. Be3 Bb2 40. Re7
Kg7 41. Nd6 Bc3 42. Rxf7+ Kg8 43. Rd7 Rb1+ 44. Kg2 d2 45. Bxd2 Bxd2 46. Rd8+
Kg7 47. b7 Bf4 48. b8=Q Rxb8 49. Rxb8 Bxd6 50. Rb7+ Kf8 51. Kf3 Be7 52. Kf4 Kf7
53. Ra7 Ke6 54. Ra6+ Bd6+ 55. Ke4 h4 56. f4 h3 57. Ra2 Bf8 58. Rh2 Bg7 59. Rxh3
Bf8 60. Rh7 Kd6 61. Rf7 Be7 62. Rg7 1-0

[Event "Ontario-ch U20"]
[Site "Toronto CAN"]
[Date "2023.10.13"]
[Round "1.2"]
[White "Zhang, Nathan"]
[Black "Deepak, Laksshana"]
[Result "0-1"]
[WhiteElo "969"]
[BlackElo "1785"]
[PlyCount "68"]
[EventDate "2023.10.13"]
[EventType "swiss"]
[EventRounds "5"]
[EventCountry "CAN"]

1. e4 c5 2. Nf3 d6 3. d4 cxd4 4. Nxd4 Nf6 5. Nc3 a6 6. Be2 e5 7. Nf3 Be7 8. O-O
O-O 9. Qd3 Nbd7 10. b4 a5 11. Ba3 axb4 12. Bxb4 Nb6 13. a4 d5 14. Bxe7 Qxe7 15.
Qb5 dxe4 16. Qxb6 exf3 17. Bxf3 Ra6 18. Qb3 e4 19. Rfe1 Be6 20. Bxe4 Bxb3 21.
Bxh7+ Kxh7 22. Rxe7 Bxc2 23. Rxb7 Rc8 24. Ne2 Rxa4 25. Rxa4 Bxa4 26. h3 Bd7 27.
Kh2 Rc2 28. Nf4 Rxf2 29. Kg3 Rd2 30. h4 Kh6 31. Rb6 Bf5 32. Kf3 Kh7 33. Rb5 g6
34. Rb7 Be4+ 0-1

[Event "Ontario-ch U20"]
[Site "Toronto CAN"]
[Date "2023.10.13"]
[Round "1.3"]
[White "Sheth, Rudra"]
[Black "Aravinthan, Adhvik"]
[Result "1-0"]
[WhiteElo "1595"]
[BlackElo "943"]
[PlyCount "35"]
[EventDate "2023.10.13"]
[EventType "swiss"]
[EventRounds "5"]
[EventCountry "CAN"]

1. e4 c5 2. Nf3 Nc6 3. Bb5 a6 4. Bxc6 bxc6 5. O-O Nf6 6. e5 Ng4 7. h3 Nh6 8. d4
Qb6 9. Bxh6 gxh6 10. Nc3 Qxb2 11. Qd3 cxd4 12. Nxd4 Qb7 13. Rfd1 c5 14. Nf5 Rg8
15. Ne4 d6 16. Nfxd6+ exd6 17. Nf6+ Ke7 18. Qxd6# 1-0

[Event "Ontario-ch U20"]
[Site "Toronto CAN"]
[Date "2023.10.13"]
[Round "1.4"]
[White "Toor, Josh"]
[Black "Kononenko, Andrei"]
[Result "0-1"]
[WhiteElo "908"]
[BlackElo "1580"]
[PlyCount "104"]
[EventDate "2023.10.13"]
[EventType "swiss"]
[EventRounds "5"]
[EventCountry "CAN"]

1. e4 e5 2. Nf3 Nc6 3. d4 exd4 4. Nxd4 Bc5 5. Nxc6 bxc6 6. Bd3 Ne7 7. Nc3 d5 8.
exd5 cxd5 9. O-O O-O 10. Qh5 g6 11. Qh6 Nf5 12. Bxf5 Bxf5 13. Na4 Bd6 14. Qd2
Qh4 15. f4 Rae8 16. Qf2 Qxf2+ 17. Rxf2 Bd7 18. f5 Bxa4 19. Rf1 Be5 20. Bh6 Bg7
21. Bxg7 Kxg7 22. f6+ Kg8 23. b3 Bb5 24. Rfd1 Bc6 25. g4 Re4 26. h3 g5 27. Re1
Rfe8 28. Rf1 R8e6 29. Rf5 R6e5 30. Raf1 Bd7 31. R5f3 d4 32. c3 h6 33. cxd4 Rxd4
34. a4 Rd2 35. R1f2 Rd1+ 36. Rf1 Rxf1+ 37. Kxf1 Bc6 38. Rd3 Bd5 39. Kg1 c6 40.
Kh2 Kh7 41. Kg3 Re2 42. Rxd5 cxd5 43. b4 d4 44. b5 d3 45. Kf3 Re6 46. b6 axb6
47. a5 d2 48. a6 d1=Q+ 49. Kg3 Re3+ 50. Kf2 Rf3+ 51. Kg2 Qe2+ 52. Kg1 Rf1# 0-1

[Event "Ontario-ch U20"]
[Site "Toronto CAN"]
[Date "2023.10.13"]
[Round "1.5"]
[White "Lukinykh, Slava"]
[Black "Karimzada, Omar"]
[Result "1-0"]
[WhiteElo "1534"]
[BlackElo "904"]
[PlyCount "104"]
[EventDate "2023.10.13"]
[EventType "swiss"]
[EventRounds "5"]
[EventCountry "CAN"]

1. e4 e5 2. Nf3 Nc6 3. Bb5 a6 4. Bxc6 dxc6 5. Nc3 Bd6 6. d4 Bg4 7. dxe5 Bxf3 8.
Qxf3 Bxe5 9. O-O Qf6 10. Qxf6 Nxf6 11. Bg5 O-O 12. Bxf6 Bxf6 13. Rad1 Rad8 14.
Rfe1 Rfe8 15. Rxd8 Rxd8 16. e5 Re8 17. f4 Be7 18. Rd1 Rd8 19. Rxd8+ Bxd8 20.
Ne4 Be7 21. Kf2 f5 22. Nd2 Bc5+ 23. Ke2 Kf7 24. Nc4 b6 25. c3 a5 26. h3 Ke6 27.
Nd2 h6 28. Nb3 Bg1 29. Nd4+ Bxd4 30. cxd4 g5 31. g3 gxf4 32. gxf4 h5 33. Kd3 b5
34. Kc3 Kd5 35. h4 Ke6 36. Kc2 Kd5 37. Kb3 Ke6 38. a4 Kd5 39. Ka3 b4+ 40. Kb3
c5 41. dxc5 c6 42. Kc2 Kxc5 43. Kd3 Kd5 44. b3 c5 45. Kc2 Ke6 46. Kd2 Kd7 47.
Kd3 Kc7 48. Kc4 Kc6 49. e6 Kd6 50. e7 Kxe7 51. Kxc5 Ke6 52. Kc6 Ke7 1-0

[Event "Ontario-ch U20"]
[Site "Toronto CAN"]
[Date "2023.10.13"]
[Round "1.6"]
[White "Liu, William"]
[Black "Witmer, Noah"]
[Result "0-1"]
[WhiteElo "900"]
[BlackElo "1522"]
[PlyCount "118"]
[EventDate "2023.10.13"]
[EventType "swiss"]
[EventRounds "5"]
[EventCountry "CAN"]

1. Nf3 d5 2. c4 d4 3. b4 Nf6 4. Bb2 e6 5. c5 Na6 6. a3 d3 7. exd3 Nd5 8. g3 c6
9. Bg2 f6 10. O-O Be7 11. Re1 O-O 12. Nd4 e5 13. Nc2 Nac7 14. Nc3 a5 15. Nxd5
Nxd5 16. d4 exd4 17. Bxd5+ cxd5 18. Nxd4 Re8 19. bxa5 Bxc5 20. Nb3 Ba7 21.
Rxe8+ Qxe8 22. Qe1 Bh3 23. Bd4 Qxe1+ 24. Rxe1 Bxd4 25. Nxd4 Rxa5 26. Nc2 Rb5
27. f4 Rb2 28. Rc1 Bf5 29. Nd4 Be4 30. Rc8+ Kf7 31. Rc7+ Kg6 32. g4 Rxd2 33.
f5+ Kh6 34. Ne6 Rg2+ 35. Kf1 Rxg4 36. Rxb7 Bxf5 37. Nc5 Rc4 38. Nb3 Rc3 39. Nd4
Bd3+ 40. Ke1 Rxa3 41. Ne6 Ba6 42. Rxg7 Re3+ 43. Kd2 Rxe6 44. Rd7 Bc4 45. Kc3
Re2 46. Rd6 Kg5 47. h4+ Kxh4 48. Rxf6 h5 49. Kd4 Kg5 50. Rf3 h4 51. Rf1 Re4+
52. Kc3 Bxf1 53. Kd2 h3 54. Kd1 h2 55. Kd2 h1=Q 56. Kc1 Ba6+ 57. Kc2 Qf3 58.
Kd2 Re2+ 59. Kc1 Qf1# 0-1

[Event "Ontario-ch U20"]
[Site "Toronto CAN"]
[Date "2023.10.13"]
[Round "1.7"]
[White "Narula, Japveer"]
[Black "Kwok, Jayden"]
[Result "1-0"]
[WhiteElo "1351"]
[BlackElo "855"]
[PlyCount "45"]
[EventDate "2023.10.13"]
[EventType "swiss"]
[EventRounds "5"]
[EventCountry "CAN"]

1. e4 e5 2. Nf3 Nc6 3. c3 Nf6 4. d4 exd4 5. e5 Nd5 6. Qb3 Nb6 7. cxd4 d6 8. Bb5
Bd7 9. O-O Be7 10. Nc3 O-O 11. Bf4 Na5 12. Qc2 Bxb5 13. Nxb5 Nc6 14. Rfd1 a6
15. Nc3 Re8 16. Re1 Qd7 17. Rad1 d5 18. Bg5 Bxg5 19. Nxg5 h6 20. Qh7+ Kf8 21.
Qh8+ Ke7 22. Qxg7 Qg4 23. Qxf7+ 1-0

[Event "Ontario-ch U20"]
[Site "Toronto CAN"]
[Date "2023.10.13"]
[Round "1.8"]
[White "Zhang, Isaac"]
[Black "Elangattu, Agnay"]
[Result "0-1"]
[WhiteElo "313"]
[BlackElo "1342"]
[PlyCount "52"]
[EventDate "2023.10.13"]
[EventType "swiss"]
[EventRounds "5"]
[EventCountry "CAN"]

1. e4 e5 2. Nf3 Nc6 3. Nc3 Nf6 4. d3 Bb4 5. Bd2 d6 6. a3 Ba5 7. g3 Bg4 8. Bg2
Qd7 9. O-O Nd4 10. h3 Nxf3+ 11. Bxf3 Bxf3 12. Qxf3 Qxh3 13. Qh1 Qg4 14. f3
Qxg3+ 15. Qg2 Bb6+ 16. Kh1 Qg6 17. Qxg6 hxg6+ 18. Kg2 O-O-O 19. Nd5 Rh7 20.
Nxb6+ cxb6 21. Rh1 Nh5 22. Kf2 Rdh8 23. a4 Nf4 24. Rxh7 Rxh7 25. Ra3 Rh2+ 26.
Ke3 Re2# 0-1

[Event "Ontario-ch U20"]
[Site "Toronto CAN"]
[Date "2023.10.14"]
[Round "2.2"]
[White "Deepak, Laksshana"]
[Black "Sekaran, Adithya"]
[Result "1-0"]
[WhiteElo "1785"]
[BlackElo "1316"]
[PlyCount "73"]
[EventDate "2023.10.13"]
[EventType "swiss"]
[EventRounds "5"]
[EventCountry "CAN"]

1. d4 Nf6 2. Bf4 d6 3. Nf3 Bf5 4. c4 Nbd7 5. Nc3 e6 6. e3 Be7 7. Be2 O-O 8. Nh4
Bg6 9. Nxg6 hxg6 10. h4 Nh7 11. Bd3 e5 12. Bg3 exd4 13. exd4 Bf6 14. Qg4 Re8+
15. Kd1 c5 16. h5 g5 17. Nb5 Bxd4 18. Bxh7+ Kxh7 19. Qf5+ Kg8 20. Nxd4 cxd4 21.
h6 g6 22. h7+ Kg7 23. Qd5 Nf6 24. Qxd4 d5 25. c5 Re4 26. Qc3 Qe7 27. Bd6 Qe6
28. f3 Rc4 29. Qe5 Qxe5 30. Bxe5 Rh4 31. Kd2 Rh8 32. Rxh4 gxh4 33. f4 Rxh7 34.
Rh1 Rh5 35. Kd3 g5 36. g4 Rh8 37. fxg5 1-0

[Event "Ontario-ch U20"]
[Site "Toronto CAN"]
[Date "2023.10.14"]
[Round "2.3"]
[White "Ghamarimonavvar, Sam"]
[Black "Sheth, Rudra"]
[Result "0-1"]
[WhiteElo "1109"]
[BlackElo "1595"]
[PlyCount "96"]
[EventDate "2023.10.13"]
[EventType "swiss"]
[EventRounds "5"]
[EventCountry "CAN"]

1. e4 e6 2. Nc3 d5 3. exd5 exd5 4. d4 Nf6 5. Nf3 Be7 6. Bd3 O-O 7. O-O c6 8.
Bf4 Bg4 9. Be2 Re8 10. Ne5 Bxe2 11. Qxe2 Bd6 12. Qd3 Qc7 13. Rfe1 Nh5 14. Qf5
Nxf4 15. Qxf4 f6 16. Ng6 Rxe1+ 17. Rxe1 Bxf4 18. Re8+ Kf7 19. Re7+ Qxe7 20.
Nxe7 Kxe7 21. Kf1 Nd7 22. Ke2 Kd6 23. Kf3 Bc1 24. b3 Re8 25. Ne2 Rxe2 26. Kxe2
f5 27. h4 Nf6 28. f3 b5 29. Kf2 f4 30. Ke2 a5 31. a4 bxa4 32. bxa4 c5 33. c3 c4
34. Kd1 Be3 35. Ke2 Nd7 36. Ke1 Nb6 37. Ke2 Nxa4 38. Kd1 Nxc3+ 39. Kc2 Bxd4 40.
Kc1 a4 41. Kb2 Nb5+ 42. Ka2 c3 43. Kb1 Na3+ 44. Kc1 Be3+ 45. Kd1 c2+ 46. Ke2
c1=Q 47. h5 Qd2+ 48. Kf1 Qf2# 0-1

[Event "Ontario-ch U20"]
[Site "Toronto CAN"]
[Date "2023.10.14"]
[Round "2.4"]
[White "Kononenko, Andrei"]
[Black "Wang, Eric"]
[Result "1-0"]
[WhiteElo "1580"]
[BlackElo "1181"]
[PlyCount "39"]
[EventDate "2023.10.13"]
[EventType "swiss"]
[EventRounds "5"]
[EventCountry "CAN"]

1. e4 e5 2. Nf3 Nc6 3. Nc3 Nf6 4. Bb5 d6 5. d4 exd4 6. Nxd4 Bd7 7. f3 Be7 8.
Be3 a6 9. Nxc6 Bxc6 10. Bxc6+ bxc6 11. Qd2 Rb8 12. Rb1 O-O 13. Ne2 c5 14. Ng3
Qd7 15. Nf5 d5 16. Nxg7 dxe4 17. Qxd7 Nxd7 18. Nf5 Ne5 19. Nxe7+ Kh8 20. fxe4
1-0

[Event "Ontario-ch U20"]
[Site "Toronto CAN"]
[Date "2023.10.14"]
[Round "2.5"]
[White "Tian, Dylan"]
[Black "Lukinykh, Slava"]
[Result "0-1"]
[WhiteElo "1065"]
[BlackElo "1534"]
[PlyCount "52"]
[EventDate "2023.10.13"]
[EventType "swiss"]
[EventRounds "5"]
[EventCountry "CAN"]

1. e4 c5 2. Nf3 Nc6 3. Nc3 d6 4. Bb5 Bd7 5. Bxc6 Bxc6 6. d4 cxd4 7. Nxd4 Nf6 8.
f3 g6 9. Be3 Bg7 10. Qd2 h5 11. O-O-O Nd7 12. h3 Ne5 13. f4 Nc4 14. Qe2 Nxe3
15. Qxe3 Qb6 16. Rhe1 e5 17. fxe5 Bh6 18. exd6 Bxe3+ 19. Rxe3 O-O-O 20. e5 Rhe8
21. Rdd3 Kb8 22. Ne4 Rxe5 23. Nxc6+ Qxc6 24. Rc3 Qd5 25. Nf6 Qe6 26. Rf3 Re1+
0-1

[Event "Ontario-ch U20"]
[Site "Toronto CAN"]
[Date "2023.10.14"]
[Round "2.6"]
[White "Witmer, Noah"]
[Black "Chen, Darren"]
[Result "1-0"]
[WhiteElo "1522"]
[BlackElo "1045"]
[PlyCount "93"]
[EventDate "2023.10.13"]
[EventType "swiss"]
[EventRounds "5"]
[EventCountry "CAN"]

1. e4 c5 2. Nf3 Nc6 3. d4 cxd4 4. Nxd4 e5 5. Nb5 a6 6. Nd6+ Bxd6 7. Qxd6 Qe7 8.
Qxe7+ Ngxe7 9. Nc3 f5 10. exf5 d5 11. g4 O-O 12. Bg2 Rd8 13. Bg5 h6 14. Bxe7
Nxe7 15. O-O-O d4 16. Ne4 Rb8 17. Rhe1 Nc6 18. Ng3 Re8 19. Bxc6 bxc6 20. Rxd4
Bb7 21. Rde4 Kf7 22. Rxe5 c5 23. Rxe8 Rxe8 24. Rxe8 Kxe8 25. Kd2 Ke7 26. Ke3
Kd6 27. f4 Bd5 28. b3 a5 29. c4 Bc6 30. Ne4+ Bxe4 31. Kxe4 Kc6 32. g5 hxg5 33.
fxg5 Kd6 34. h4 Ke7 35. Ke5 Kf7 36. h5 Ke7 37. h6 gxh6 38. gxh6 Kf7 39. a3 Kg8
40. f6 a4 41. bxa4 Kf7 42. h7 Ke8 43. h8=Q+ Kd7 44. Qb8 Kc6 45. f7 Kd7 46. f8=Q
Kc6 47. Qfd6# 1-0

[Event "Ontario-ch U20"]
[Site "Toronto CAN"]
[Date "2023.10.14"]
[Round "2.9"]
[White "Vyas, Vihaan"]
[Black "Chen, Shuang"]
[Result "0-1"]
[WhiteElo "1175"]
[BlackElo "1599"]
[PlyCount "74"]
[EventDate "2023.10.13"]
[EventType "swiss"]
[EventRounds "5"]
[EventCountry "CAN"]

1. d4 d5 2. c4 e6 3. Nf3 Nf6 4. e3 Be7 5. Nc3 O-O 6. b3 Nbd7 7. Be2 b6 8. O-O
Bb7 9. Bb2 Rc8 10. Qc2 c5 11. Rfd1 Qc7 12. Nb5 Qb8 13. Rac1 Rfd8 14. a3 a6 15.
Nc3 Nf8 16. Ne5 Bd6 17. h3 dxc4 18. Nxc4 Bh2+ 19. Kf1 cxd4 20. Rxd4 Rxd4 21.
exd4 b5 22. Ne3 Qf4 23. Bd3 Qxd4 24. Nxb5 Rxc2 25. Nxd4 Rxb2 26. g3 e5 27. Ndf5
Rxb3 28. Rc7 Bf3 29. Rc8 g6 30. Nh6+ Kg7 31. Nef5+ gxf5 32. Nxf5+ Kg6 33. Nh4+
Kh6 34. Nxf3 Rxd3 35. Nxh2 Ne6 36. Rc6 Rxa3 37. h4 Kg7 0-1

[Event "Ontario-ch U20"]
[Site "Toronto CAN"]
[Date "2023.10.14"]
[Round "2.10"]
[White "Valavan, Aaryan"]
[Black "Sapojnikov, Boris"]
[Result "1-0"]
[WhiteElo "1404"]
[BlackElo "935"]
[PlyCount "73"]
[EventDate "2023.10.13"]
[EventType "swiss"]
[EventRounds "5"]
[EventCountry "CAN"]

1. e4 e6 2. d4 d5 3. exd5 exd5 4. Nf3 c5 5. dxc5 Bxc5 6. Bb5+ Nc6 7. O-O Nf6 8.
Bg5 O-O 9. Nc3 a6 10. Bxf6 Qxf6 11. Qxd5 axb5 12. Qxc5 Qg6 13. Nxb5 Bh3 14. Qg5
h6 15. Qxg6 fxg6 16. Nbd4 Bd7 17. Nxc6 Bxc6 18. Nd4 Be8 19. Rfe1 Rd8 20. Ne6
Rd2 21. Nxf8 Kxf8 22. Rad1 Rxd1 23. Rxd1 g5 24. c4 Kf7 25. f3 h5 26. Kf2 h4 27.
a3 Kg6 28. b4 Kf5 29. Rd8 Bh5 30. Rd7 g4 31. fxg4+ Bxg4 32. Rxb7 Ke4 33. a4 Kd4
34. a5 Kxc4 35. a6 Bc8 36. Rc7+ Kxb4 37. Rxc8 1-0

[Event "Ontario-ch U20"]
[Site "Toronto CAN"]
[Date "2023.10.14"]
[Round "2.14"]
[White "Senthikumar, Sarveshwar"]
[Black "Zhang, Isaac"]
[Result "1-0"]
[WhiteElo "1040"]
[BlackElo "313"]
[PlyCount "43"]
[EventDate "2023.10.13"]
[EventType "swiss"]
[EventRounds "5"]
[EventCountry "CAN"]

1. d4 e6 2. c4 Nc6 3. Nf3 Bb4+ 4. Bd2 Nf6 5. g3 b6 6. Bg2 Ba6 7. b3 Qe7 8. O-O
Bxd2 9. Nbxd2 O-O-O 10. Re1 d5 11. e3 dxc4 12. bxc4 e5 13. Qc2 Nb4 14. Qb3 b5
15. Nxe5 bxc4 16. Ndxc4 Nfd5 17. a3 f6 18. axb4 fxe5 19. Rxa6 Nxb4 20. Nxe5 Rd6
21. Qxb4 c6 22. Rxc6+ 1-0

[Event "Ontario-ch U20"]
[Site "Toronto CAN"]
[Date "2023.10.14"]
[Round "3.1"]
[White "Angel, Borys"]
[Black "Kononenko, Andrei"]
[Result "1/2-1/2"]
[WhiteElo "1838"]
[BlackElo "1580"]
[PlyCount "41"]
[EventDate "2023.10.13"]
[EventType "swiss"]
[EventRounds "5"]
[EventCountry "CAN"]

1. e4 e5 2. Nf3 Nc6 3. Bc4 Bc5 4. Nc3 Nf6 5. O-O d6 6. h3 O-O 7. d3 h6 8. Re1
Na5 9. Bb3 Nxb3 10. axb3 Nh7 11. Bd2 Bd7 12. Ne2 Re8 13. c3 Re6 14. d4 exd4 15.
cxd4 Bb6 16. Ng3 Nf6 17. d5 Re8 18. Bc3 a6 19. Qc2 c6 20. Rad1 cxd5 21. exd5
1/2-1/2

[Event "Ontario-ch U20"]
[Site "Toronto CAN"]
[Date "2023.10.14"]
[Round "3.2"]
[White "Lukinykh, Slava"]
[Black "Deepak, Laksshana"]
[Result "1-0"]
[WhiteElo "1534"]
[BlackElo "1785"]
[PlyCount "107"]
[EventDate "2023.10.13"]
[EventType "swiss"]
[EventRounds "5"]
[EventCountry "CAN"]

1. e4 c5 2. Nf3 d6 3. d4 cxd4 4. Qxd4 Nc6 5. Bb5 Bd7 6. Bxc6 Bxc6 7. Nc3 e5 8.
Qd3 Nf6 9. Bg5 Be7 10. O-O-O Qa5 11. Bxf6 gxf6 12. Nd2 O-O-O 13. Nb3 Qc7 14.
Nd5 Bxd5 15. Qxd5 Bf8 16. Rd3 Bh6+ 17. Kb1 Kb8 18. Rc3 Qd7 19. Na5 Rc8 20. Rb3
b6 21. Nc4 Rc6 22. Rd1 Rd8 23. Rh3 Rc5 24. Qxd6+ Qxd6 25. Rxd6 Rg8 26. b3 Rg6
27. Rg3 Bg7 28. Ne3 Kc7 29. Rd3 h5 30. Nf5 Bf8 31. Rc3 Kc6 32. Nh4 Rg5 33. Rcf3
Kb5 34. Rxf6 Rxg3 35. hxg3 Rc7 36. Rf5 Ba3 37. Rxe5+ Kb4 38. Rxh5 Rd7 39. Rd5
Rxd5 40. exd5 Kc5 41. c4 b5 42. Nf5 a6 43. Kc2 Kb6 44. Kd3 bxc4+ 45. bxc4 Bc5
46. f3 Kc7 47. Ke4 Kd7 48. Ke5 a5 49. d6 a4 50. Kd5 Bb4 51. c5 a3 52. c6+ Kd8
53. c7+ Kd7 54. Ne7 1-0

[Event "Ontario-ch U20"]
[Site "Toronto CAN"]
[Date "2023.10.14"]
[Round "3.3"]
[White "Sheth, Rudra"]
[Black "Witmer, Noah"]
[Result "1-0"]
[WhiteElo "1595"]
[BlackElo "1522"]
[PlyCount "95"]
[EventDate "2023.10.13"]
[EventType "swiss"]
[EventRounds "5"]
[EventCountry "CAN"]

1. e4 e5 2. Nc3 Nc6 3. Bc4 Nf6 4. d3 Bc5 5. Nf3 h6 6. a3 d6 7. Na4 Bb6 8. Nxb6
axb6 9. h3 Qe7 10. O-O O-O 11. Nh2 Be6 12. Bxe6 fxe6 13. Ng4 Nxg4 14. Qxg4 Rf6
15. c3 Raf8 16. Be3 Qf7 17. b4 Rg6 18. Qe2 d5 19. f4 exf4 20. Rxf4 Rf6 21. Raf1
Rxf4 22. Rxf4 Qe8 23. Rg4 Ne5 24. Rg3 Ng6 25. Qg4 Kh7 26. h4 Qf7 27. exd5 exd5
28. Bd4 c5 29. bxc5 bxc5 30. Bxc5 Ne5 31. Qe2 Rc8 32. Bd4 Ng6 33. h5 Nf4 34.
Qe5 Nxh5 35. Qxh5 Qxh5 36. Rxg7+ Kh8 37. Rg5+ Kh7 38. Rxh5 Rd8 39. Re5 Rd7 40.
Kh2 Kg6 41. g4 Rf7 42. Rxd5 Rf3 43. Bc5 Rf7 44. Rf5 Rxf5 45. gxf5+ Kxf5 46. d4
Ke4 47. Kh3 Kd3 48. Bb4 1-0

[Event "Ontario-ch U20"]
[Site "Toronto CAN"]
[Date "2023.10.14"]
[Round "3.4"]
[White "Narula, Japveer"]
[Black "Valavan, Aaryan"]
[Result "0-1"]
[WhiteElo "1351"]
[BlackElo "1404"]
[PlyCount "154"]
[EventDate "2023.10.13"]
[EventType "swiss"]
[EventRounds "5"]
[EventCountry "CAN"]

1. e4 c5 2. Nf3 Nc6 3. d4 cxd4 4. Nxd4 d6 5. c4 g6 6. Nc3 Bg7 7. Be3 Nf6 8. f3
Bd7 9. Qd2 h5 10. Rc1 Ne5 11. Be2 a6 12. O-O Rc8 13. Nd5 O-O 14. Qb4 Bc6 15. h3
Ned7 16. Qd2 Bxd5 17. cxd5 Ne5 18. Rc3 Qd7 19. Rfc1 Rfd8 20. Qc2 Rxc3 21. Qxc3
Qa4 22. Qc7 Re8 23. Qxb7 Qxa2 24. Bxa6 Ned7 25. Nc6 Nc5 26. Bxc5 dxc5 27. Nxe7+
Rxe7 28. Qxe7 Qxa6 29. d6 Qc6 30. Rd1 Nd7 31. f4 Bd4+ 32. Kh1 Qa4 33. Qe8+ Kg7
34. Rf1 Qa6 35. Re1 Qxd6 36. e5 Qe6 37. Qxe6 fxe6 38. b3 Nb6 39. g4 hxg4 40.
hxg4 Nd5 41. Re4 Ne3 42. g5 Kf7 43. b4 Nf5 44. Kg2 cxb4 45. Re1 b3 46. Rb1 b2
47. Kf3 Ke7 48. Ke4 Kd7 49. Kd3 Kc6 50. Kc4 Be3 51. Rxb2 Bxf4 52. Rf2 Bxe5 53.
Re2 Kd7 54. Rd2+ Ke7 55. Kd3 Bf4 56. Rg2 e5 57. Ke4 Ke6 58. Rg1 Nd6+ 59. Kf3
Kf5 60. Rd1 Ne4 61. Rd8 Nxg5+ 62. Kg2 Ne6 63. Rd6 g5 64. Kf3 g4+ 65. Kf2 Nd4
66. Rd8 Ke4 67. Rg8 g3+ 68. Kg2 Ke3 69. Ra8 Kd2 70. Ra2+ Nc2 71. Ra4 Ne1+ 72.
Kg1 Be3+ 73. Kh1 g2+ 74. Kh2 g1=Q+ 75. Kh3 Qh1+ 76. Kg4 Qf3+ 77. Kh4 Ng2# 0-1

[Event "Ontario-ch U20"]
[Site "Toronto CAN"]
[Date "2023.10.14"]
[Round "3.5"]
[White "Trudeau, Charlie"]
[Black "Chunchu, Ashwin"]
[Result "0-1"]
[WhiteElo "1178"]
[BlackElo "1762"]
[PlyCount "58"]
[EventDate "2023.10.13"]
[EventType "swiss"]
[EventRounds "5"]
[EventCountry "CAN"]

1. Nf3 g6 2. g3 Bg7 3. Bg2 d6 4. d4 Nc6 5. c4 Bd7 6. Nc3 Qc8 7. e4 e5 8. d5
Nce7 9. Be3 f5 10. Bh3 Nf6 11. O-O h6 12. Nd2 O-O 13. c5 g5 14. cxd6 cxd6 15.
f3 f4 16. Bxd7 Qxd7 17. Bf2 Qh3 18. Nc4 Rac8 19. Nxd6 Ng4 20. fxg4 f3 21. Qxf3
Rxf3 22. Nxc8 Nxc8 23. Bc5 Qxg4 24. Rxf3 Qxf3 25. Rf1 Qd3 26. Rd1 Qc4 27. Ba3
Bf8 28. d6 Bxd6 29. Bxd6 Nxd6 0-1

[Event "Ontario-ch U20"]
[Site "Toronto CAN"]
[Date "2023.10.14"]
[Round "3.6"]
[White "Chen, Shuang"]
[Black "Wang, Angela"]
[Result "1-0"]
[WhiteElo "1599"]
[BlackElo "1094"]
[PlyCount "69"]
[EventDate "2023.10.13"]
[EventType "swiss"]
[EventRounds "5"]
[EventCountry "CAN"]

1. e4 e5 2. Nf3 Nc6 3. Bb5 a6 4. Ba4 Bc5 5. c3 b5 6. Bc2 d6 7. O-O Nge7 8. Re1
O-O 9. d4 exd4 10. cxd4 Bb6 11. h3 f5 12. Nc3 fxe4 13. Nxe4 d5 14. Ng3 Nf5 15.
Nxf5 Bxf5 16. Bb3 Be4 17. Rxe4 Kh8 18. Rg4 Qd6 19. Be3 Rae8 20. Ng5 Ne7 21. Rh4
h6 22. Bc2 Rf6 23. Qh5 Ref8 24. Nh7 Rf5 25. Bxf5 Rxf5 26. Ng5 Kg8 27. Re1 hxg5
28. Bxg5 Ng6 29. Qh7+ Kf8 30. Rg4 Bxd4 31. Be3 Bxe3 32. Rxe3 Rf6 33. h4 Rf7 34.
Rxg6 Qxg6 35. Qh8# 1-0